LOTR: Dwarves by Picture - Statistics

General Stats
  • This quiz has been taken 74 times
  • The average score is 14 of 20
Answer Stats
Picture Answer % Correct
Balin
95%
Bombur
92%
Fíli
91%
Kíli
89%
Thorin Oakenshield
89%
Gimli
86%
Dwalin
84%
Bofur
81%
Dáin
81%
Glóin
77%
Bifur
72%
Ori
69%
Nori
66%
Thrór
64%
Óin
63%
Dori
59%
Thráin
59%
Durin
50%
Fundin
14%
Dís
13%
No matching quizzes found
Score Distribution
Percent of People with Each Score
Percentile by Number Answered
Your Score History
You have not taken this quiz